000 00363nam a2200133Ia 4500
008 240624s9999 xx 000 0 und d
041 _aeng
082 _a398.365 BER
100 _aBERNSTEIN PETER L
245 _aPOWER OF GOLD THE HISTORY OF AN OBSESSIO
260 _c2000
_aNew York
_bJohn Wiley and Sons
300 _axiv, : 432 : p. : cm. ; 22
365 _c
_b30
999 _c15139
_d15139